<?xml version="1.0" encoding="UTF-8"?>
<marc:record xmlns:marc="http://www.loc.gov/MARC21/slim">
   <marc:leader>00000nam a2200000 a 4500</marc:leader>
   <marc:datafield ind1="1" ind2=" " tag="100">
      <marc:subfield code="a">Wieja, Corinna</marc:subfield>
      <marc:subfield code="4">aut</marc:subfield>
      <marc:subfield code="e">Verfasser/-in</marc:subfield>
   </marc:datafield>
   <marc:datafield ind1=" " ind2=" " tag="653">
      <marc:subfield code="a">Antolin</marc:subfield>
   </marc:datafield>
   <marc:datafield ind1=" " ind2=" " tag="653">
      <marc:subfield code="a">Klasse-6</marc:subfield>
   </marc:datafield>
   <marc:datafield ind1="0" ind2="0" tag="245">
      <marc:subfield code="a">Fairy  Tale Camp - Das Geheimnis der Märchenwelt</marc:subfield>
   </marc:datafield>
   <marc:datafield ind1=" " ind2="1" tag="264">
      <marc:subfield code="b">Carlsen</marc:subfield>
      <marc:subfield code="c">24</marc:subfield>
   </marc:datafield>
   <marc:datafield ind1="1" ind2=" " tag="490">
      <marc:subfield code="a">Fairy Tale Camp</marc:subfield>
   </marc:datafield>
   <marc:datafield ind1="1" ind2=" " tag="520">
      <marc:subfield code="a">Das gibt's nur im Märchen? Dachte Marie auch!  Marie kommt bei dem Fairyhüter-Training ganz schön aus der Puste und ist zudem vom Pech verfolgt: Sie hat zwar endlich ihre Mutter gefunden, doch die ist leider eine Kröte! Zudem bedroht der unheimliche Maskenmann die Märchenwelt. Um den Schurken zu stellen und den Fluch zu bannen, müssen Marie, Ro und ihre Freund*innen den sagenumwobenen goldenen Apfel finden und sich drei Prüfungen stellen. Die Spur des Rätsels führt Marie zu ihrem ganz eigenen Märchen ... Eine märchenhaft-magische Welt für Mädchen ab 10</marc:subfield>
   </marc:datafield>
   <marc:datafield ind1=" " ind2=" " tag="020">
      <marc:subfield code="a">9783551654472</marc:subfield>
      <marc:subfield code="9">9783551654472</marc:subfield>
   </marc:datafield>
</marc:record>
